| 000 | nam a22 7a 4500 | ||
|---|---|---|---|
| 999 |
_c233577 _d233577 |
||
| 003 | Nust | ||
| 005 | 20170309104558.0 | ||
| 008 | 170309b xxu||||| |||| 00| 0 eng d | ||
| 040 | _c0 | ||
| 050 | _a363.7 ZAF | ||
| 082 | _a363.7 ZAF | ||
| 100 | _aMaryam Zafar | ||
| 245 |
_aDetection Of Microbial Pathogens In Drinking Water Biofilm Using PCR _cMaryam Zafar |
||
| 260 |
_aIslamabad _bIESE (SCEE) NUST _c2016. |
||
| 300 |
_a68 p. _bHB. |
||
| 440 | _aMS Environmental Science | ||
| 500 | _aThesis MS ES | ||
| 650 | _aEnvironmental Science | ||
| 700 | _4Dr. Imran Hashmi (Supervisor) | ||
| 942 |
_2ddc _cTHE _kIESE |
||